Wszystkie piosenki - Chivas - Statystyki

Ogólne statystyki
  • Ten quiz został rozwiązany 3 435 razy
    116 od ostatniego zresetowania
  • Średni wynik to 39 z 53
Statystyki odpowiedzi
Hint Odpowiedź % Poprawnych
Deathcore Death note
93%
nauczyłem się przeklinać Młody Say10
89%
młody say10 prevka na płytę może (młody say10)
89%
nauczyłem się przeklinać Mam Na Twarzy Krew I Tym Razem Nie Jest Sztuczna (feat. White 2115)
88%
młody say10 narcyz
88%
młody say10 anyżowe żelki
86%
DWADZIEŚCIASIEDEM. DWADZIEŚCIASIEDEM.
86%
lato 2024 prawie straciłem głos
85%
młody say10 drzewko
84%
DWADZIEŚCIASIEDEM. HELLSTAR
83%
Deathcore NIENAWIDZĘ WARSZAWY (feat. Bedoes)
83%
Deathcore noWy baTmAN
83%
lato 2024 szafka w małym pokoju
83%
nauczyłem się przeklinać To Nie Koniec
83%
nauczyłem się przeklinać XO
83%
lato 2024 5 milionów influencerek
81%
Deathcore jem zimnego tosta
81%
nauczyłem się przeklinać Odkąd Nauczyłem Się Przeklinać
81%
Deathcore StaRlink
80%
nauczyłem się przeklinać Najlepsi Pod Słońcem (feat. Szpaku)
79%
Deathcore nóż motylkowy (feat. White 2115)
79%
Deathcore OPIUM!
79%
Deathcore RysunKOwY PoTwóR
79%
DWADZIEŚCIASIEDEM. GEN D
78%
młody say10 koleżanko mojej byłej
78%
młody say10 miałem kolegę bartka
78%
DWADZIEŚCIASIEDEM. DEAD2ME (feat. Young Leosia)
76%
DWADZIEŚCIASIEDEM. DWADZIEŚCIAOSIEM.
76%
lato 2024 to nie koniec z wami
76%
młody say10 to ostatni raz gdy jadę nad bałtyk
75%
DWADZIEŚCIASIEDEM. DWA RAZY TYLE
74%
młody say10 kupić jej gaz czy torebkę?
74%
nauczyłem się przeklinać Comme Des Garçons
73%
nauczyłem się przeklinać Hellcat Redeye (feat. White 2115 & Szpaku)
73%
nauczyłem się przeklinać Palenie Zabija
73%
nauczyłem się przeklinać To Dopiero Początek
73%
DWADZIEŚCIASIEDEM. TYLKO DIAMENTY SĄ NA ZAWSZE
73%
młody say10 narcyz w klubie
70%
DWADZIEŚCIASIEDEM. PÓKI JESTEŚ (feat. Vito Bambino)
70%
Deathcore zabiłem motyla
70%
nauczyłem się przeklinać Jakbym Miał W Ręku Klamkę
69%
nauczyłem się przeklinać Charger
68%
nauczyłem się przeklinać Generacja Hip-Hop
68%
DWADZIEŚCIASIEDEM. KIEDY NIE MA CIĘ
68%
DWADZIEŚCIASIEDEM. MOŻE SIĘ POZNAMY
66%
młody say10 mam chyba za drogie auto
65%
DWADZIEŚCIASIEDEM. SKIT
64%
młody say10 jesteś najlepszy/najlepsza
63%
Deathcore Przyjdzie taki dzień gdy będę wolny
63%
DWADZIEŚCIASIEDEM. CHCEMY TEGO WIĘCEJ
60%
nauczyłem się przeklinać Death Metalowy T-Shirt
58%
nauczyłem się przeklinać Zabij Dla Mnie
51%
DWADZIEŚCIASIEDEM. NAWET NIE WIESZ JAK CHCIAŁBYM MÓC POCZUĆ JESZCZE RAZ
11%
Nie znaleziono quizów pasujących do podanych kryteriów
Rozkład punktacji
Procent ludzi z każdym wynikiem
Percentyl według liczby udzielonych odpowiedzi
Twoja historia wyników
Nie rozwiązałeś tego quizu od ostatniego zresetowania